[Event "II Festival Server24 A"]
[Site "Ortisei - Sankt Ulrich in Groeden ITA"]
[Date "2013.06.08"]
[Round "8"]
[White "Herbold, Manfred"]
[Black "Paltrinieri, Nicholas"]
[WhiteElo "2091"]
[BlackElo "2174"]
[Result "0-1"]
[PlyCount "62"]
[EventDate "2013.06.01"]

1. e4 e6 2. Nf3 d5 3. e5 c5 4. b4 cxb4 5. a3 Nc6 6. axb4 Bxb4 7. c3 Be7 8. d4
h5 9. Bd3 Nh6 10. O-O a6 11. Ba3 Rb8 12. Ne1 Nf5 13. Bxf5 exf5 14. Nd3 g6 15.
Bxe7 Qxe7 16. Nc5 O-O 17. f4 b6 18. Nd3 a5 19. Rf2 Ba6 20. Rb2 Rfc8 21. Qd2 Qc7
22. Kf2 Kg7 23. h3 Nd8 24. Ke3 Ne6 25. Rba2 Qc4 26. Ne1 h4 27. Nf3 g5 28. Nxg5
Nxg5 29. fxg5 Qf1 30. g3 hxg3 31. Qg2 f4+ 0-1

[Event "II Festival Server24 A"]
[Site "Ortisei - Sankt Ulrich in Groeden ITA"]
[Date "2013.06.08"]
[Round "8"]
[White "Herzog, Adolf"]
[Black "Koziol, Kamil"]
[WhiteElo "2401"]
[BlackElo "2008"]
[Result "1/2-1/2"]
[PlyCount "105"]
[EventDate "2013.06.01"]

1. d4 d5 2. Nf3 e6 3. Bf4 c5 4. c3 Nc6 5. e3 Nf6 6. Bd3 Bd6 7. Bg3 Qe7 8. Ne5
Nd7 9. f4 O-O 10. Nd2 f6 11. Bxh7+ Kxh7 12. Qh5+ Kg8 13. Ng6 Qe8 14. Nf3 Ne7
15. Nfh4 Nxg6 16. Nxg6 Kf7 17. O-O f5 18. Bh4 Nf6 19. Bxf6 Kxf6 20. Qg5+ Kf7
21. Rf3 Rh8 22. Nxh8+ Qxh8 23. Rh3 Qg8 24. Qh5+ g6 25. Qd1 b5 26. a4 Bd7 27.
axb5 Bxb5 28. b3 c4 29. b4 a6 30. Kh1 Qg7 31. g4 Rh8 32. Rg3 Qh7 33. Ra2 Be7
34. Rag2 Bd8 35. Qg1 Bf6 36. Rf3 Bd7 37. Rfg3 Bb5 38. Qa1 Bd8 39. Qa2 Be7 40.
Rg1 Bd8 41. Qg2 Bf6 42. Rf1 Ba4 43. Rg1 Bb5 44. Qc2 Ba4 45. Qa2 Bb5 46. R1g2
Bd8 47. Kg1 Bh4 48. Rf3 Bd8 49. Kh1 Qh4 50. Rfg3 Qh7 51. Qa1 Bf6 52. Qg1 Bc6
53. Qa1 1/2-1/2

[Event "II Festival Server24 A"]
[Site "Ortisei - Sankt Ulrich in Groeden ITA"]
[Date "2013.06.08"]
[Round "8"]
[White "Kveinys, Aloyzas"]
[Black "Warakomski, Tomasz"]
[WhiteElo "2479"]
[BlackElo "2488"]
[Result "1/2-1/2"]
[PlyCount "114"]
[EventDate "2013.06.01"]

1. d4 g6 2. Nf3 Bg7 3. g3 f5 4. Bg2 Nf6 5. O-O O-O 6. b3 c5 7. e3 b6 8. Bb2 Bb7
9. c4 e6 10. Nc3 Ne4 11. Rc1 Nc6 12. Ne2 Qe7 13. Ne5 Bf6 14. f3 Ng5 15. f4 Ne4
16. Bxe4 fxe4 17. Nxc6 Bxc6 18. Qc2 Qg7 19. Bc3 d6 20. Rcd1 Rad8 21. Qb2 Rd7
22. Rd2 Qe7 23. Rfd1 d5 24. dxc5 bxc5 25. Bxf6 Rxf6 26. Rc1 Ba8 27. cxd5 exd5
28. Rdc2 d4 29. Rxc5 dxe3 30. Re5 Qd8 31. Re8+ Qxe8 32. Qxf6 Qd8 33. Qe6+ Kg7
34. Qe5+ Kf7 35. Kg2 Rd2 36. Rc7+ Rd7 37. Rxd7+ Qxd7 38. Nd4 e2 39. Kf2 Qc8 40.
Kxe2 Qa6+ 41. Qb5 Qxa2+ 42. Ke3 Qxh2 43. Qd7+ Kf6 44. Qd8+ Kf7 45. Qxa8 Qxg3+
46. Kxe4 Qe1+ 47. Kd3 Qd1+ 48. Kc3 Qa1+ 49. Kc4 Qc1+ 50. Kb4 Qe1+ 51. Kc5 Qc1+
52. Kb5 Qf1+ 53. Kb4 Qe1+ 54. Kc4 Qc1+ 55. Kd3 Qd1+ 56. Ke3 Qg1+ 57. Kd3 Qd1+
1/2-1/2

[Event "II Festival Server24 A"]
[Site "Ortisei - Sankt Ulrich in Groeden ITA"]
[Date "2013.06.08"]
[Round "8"]
[White "Levin, Felix"]
[Black "Collutiis, Duilio"]
[WhiteElo "2497"]
[BlackElo "2465"]
[Result "1-0"]
[PlyCount "55"]
[EventDate "2013.06.01"]

1. d4 Nf6 2. c4 c5 3. d5 b5 4. cxb5 a6 5. bxa6 g6 6. Nc3 Bxa6 7. e4 Bxf1 8.
Kxf1 d6 9. Nf3 Nbd7 10. g3 Bg7 11. Kg2 O-O 12. a4 Qa5 13. Bd2 Rfb8 14. Nb5 Qd8
15. Qc2 Ne8 16. Bc3 Nc7 17. Nxc7 Qxc7 18. Bxg7 Kxg7 19. Nd4 Rb7 20. Nb5 Qa5 21.
b3 Qb4 22. Rac1 Nb6 23. h4 c4 24. bxc4 Rxa4 25. h5 Nxc4 26. h6+ Kf8 27. Rb1 Qa5
28. Na3 1-0

[Event "II Festival Server24 A"]
[Site "Ortisei - Sankt Ulrich in Groeden ITA"]
[Date "2013.06.08"]
[Round "8"]
[White "Messina, Roberta"]
[Black "De Santis, Alessio"]
[WhiteElo "2020"]
[BlackElo "2276"]
[Result "0-1"]
[PlyCount "50"]
[EventDate "2013.06.01"]

1. c4 b6 2. Nc3 Bb7 3. e4 e6 4. Nf3 Bb4 5. Bd3 Nc6 6. Bc2 Nge7 7. Qe2 e5 8. a3
Bc5 9. b4 Nd4 10. Nxd4 Bxd4 11. Qg4 Ng6 12. Rb1 Qf6 13. O-O h5 14. Qf5 Qxf5 15.
exf5 Nf4 16. Nb5 O-O-O 17. Nxd4 exd4 18. f3 d3 19. Bd1 h4 20. Bb2 f6 21. Re1
Rh5 22. Re3 Rg5 23. Kh1 Rxg2 24. Rxd3 Rf2 25. Rd4 Rf1# 0-1

[Event "II Festival Server24 A"]
[Site "Ortisei - Sankt Ulrich in Groeden ITA"]
[Date "2013.06.08"]
[Round "8"]
[White "Nisipeanu, Liviu-Dieter"]
[Black "Khenkin, Igor"]
[WhiteElo "2667"]
[BlackElo "2601"]
[Result "1/2-1/2"]
[PlyCount "45"]
[EventDate "2013.06.01"]

1. e4 c6 2. d4 d5 3. e5 c5 4. Nf3 cxd4 5. Nxd4 Nc6 6. c4 e6 7. Nc3 Bc5 8. Nxc6
bxc6 9. cxd5 cxd5 10. Bd3 Ne7 11. O-O Ng6 12. Na4 Be7 13. Bxg6 hxg6 14. Be3 Ba6
15. Re1 O-O 16. Nc5 Qc8 17. Rc1 Bc4 18. Na4 Qa6 19. b3 Bb5 20. Nc5 Qa3 21. Rc2
Rfc8 22. Qc1 Qa5 23. a3 1/2-1/2

[Event "II Festival Server24 A"]
[Site "Ortisei - Sankt Ulrich in Groeden ITA"]
[Date "2013.06.08"]
[Round "8"]
[White "Panjkovic, Aleksandar"]
[Black "Oussedik, Elias"]
[WhiteElo "2147"]
[BlackElo "2058"]
[Result "0-1"]
[PlyCount "46"]
[EventDate "2013.06.01"]

1. c4 c5 2. g3 Nf6 3. Bg2 e6 4. Nf3 Qc7 5. Nc3 a6 6. O-O b6 7. b3 Bb7 8. Bb2 d6
9. e3 Be7 10. d4 O-O 11. d5 exd5 12. Nxd5 Nxd5 13. cxd5 Nd7 14. h4 Bf6 15. Rb1
Rfe8 16. Ng5 Bxb2 17. Rxb2 Nf6 18. Qd3 h6 19. Ne4 Nxd5 20. Nxd6 Qxd6 21. e4 Qe5
22. exd5 Qxb2 23. Qf5 Qe5 0-1

[Event "II Festival Server24 A"]
[Site "Ortisei - Sankt Ulrich in Groeden ITA"]
[Date "2013.06.08"]
[Round "8"]
[White "Spornberger, Maximilian"]
[Black "Tillmann, Marc"]
[WhiteElo "2257"]
[BlackElo "2008"]
[Result "1-0"]
[PlyCount "53"]
[EventDate "2013.06.01"]

1. e4 e6 2. d3 d5 3. Nd2 Nf6 4. Ngf3 b6 5. c3 dxe4 6. dxe4 Bb7 7. Bb5+ c6 8.
Be2 Be7 9. O-O O-O 10. Re1 c5 11. e5 Nfd7 12. Nc4 Nc6 13. a4 Qc7 14. Bf4 Ba6
15. Qc2 Rad8 16. Qe4 g6 17. h4 Bxc4 18. Bxc4 Na5 19. Bg5 Bxg5 20. hxg5 Qc6 21.
Qh4 Nxc4 22. Qxc4 Rfe8 23. Nh2 Qd5 24. Qf4 Qd3 25. Ng4 Re7 26. Nf6+ Kf8 27. Qh4
1-0

[Event "II Festival Server24 A"]
[Site "Ortisei - Sankt Ulrich in Groeden ITA"]
[Date "2013.06.08"]
[Round "8"]
[White "Stella, Andrea"]
[Black "Friedrich, Norbert"]
[WhiteElo "2463"]
[BlackElo "2312"]
[Result "1/2-1/2"]
[PlyCount "50"]
[EventDate "2013.06.01"]

1. d4 d5 2. c4 c6 3. e3 Nf6 4. Nf3 e6 5. b3 Nbd7 6. Bb2 Be7 7. Bd3 O-O 8. O-O
b6 9. Nc3 Bb7 10. Qc2 h6 11. Rad1 Qc7 12. e4 dxe4 13. Nxe4 c5 14. dxc5 Nxc5 15.
Be5 Qc8 16. Bd6 Nxd3 17. Nxf6+ Bxf6 18. Bxf8 Nb2 19. Ba3 Nxd1 20. Qxd1 Qc6 21.
Re1 Rd8 22. Qe2 Qd7 23. Bc1 Qd6 24. Be3 Qa3 25. h3 Bxf3 1/2-1/2

[Event "II Festival Server24 A"]
[Site "Ortisei - Sankt Ulrich in Groeden ITA"]
[Date "2013.06.08"]
[Round "8"]
[White "Sundararajan, Kidambi"]
[Black "Hambleton, Aman"]
[WhiteElo "2428"]
[BlackElo "2461"]
[Result "1/2-1/2"]
[PlyCount "80"]
[EventDate "2013.06.01"]

1. d4 e6 2. c4 Nf6 3. Nc3 Bb4 4. e3 O-O 5. Bd3 d5 6. Nf3 c5 7. O-O cxd4 8. exd4
dxc4 9. Bxc4 b6 10. Qe2 Bb7 11. Rd1 Nbd7 12. d5 Bxc3 13. dxe6 Bxf3 14. gxf3
fxe6 15. bxc3 Qc7 16. Bxe6+ Kh8 17. Qc4 Nc5 18. Bh3 Nh5 19. Bg4 Nf4 20. Be3 h5
21. Bxf4 Qxf4 22. Qxf4 Rxf4 23. Bxh5 g6 24. Bg4 Ra4 25. Rd6 Kg7 26. Re1 Rf8 27.
h4 Rxa2 28. h5 gxh5 29. Bxh5 Rf6 30. Re7+ Kf8 31. Re8+ Kg7 32. Rdd8 Re6 33.
Rg8+ Kf6 34. f4 Re1+ 35. Kg2 Ne4 36. Rgf8+ Ke7 37. Rfe8+ Kf6 38. Rf8+ Ke7 39.
Rfe8+ Kf6 40. Rf8+ Ke7 1/2-1/2

[Event "II Festival Server24 A"]
[Site "Ortisei - Sankt Ulrich in Groeden ITA"]
[Date "2013.06.08"]
[Round "8"]
[White "Szczepkowska-Horowska, Karina"]
[Black "Krulich, Roman"]
[WhiteElo "2375"]
[BlackElo "2229"]
[Result "1-0"]
[PlyCount "72"]
[EventDate "2013.06.01"]

1. e4 c5 2. Nf3 d6 3. d4 cxd4 4. Qxd4 a6 5. c4 Nc6 6. Qe3 g6 7. Be2 Bg7 8. O-O
Nf6 9. h3 O-O 10. Nc3 Bd7 11. Rb1 Nh5 12. Nd5 f5 13. exf5 Bxf5 14. Bd3 Bxd3 15.
Qxd3 e6 16. Nc3 Ne5 17. Nxe5 Bxe5 18. Ne4 Nf4 19. Bxf4 Rxf4 20. g3 Rf7 21. b3
Qb6 22. Rbd1 Raf8 23. Kg2 g5 24. f3 Rg7 25. Rfe1 Qa5 26. Qd2 Qa3 27. Re2 Rd8
28. Nf2 Rf8 29. Nd3 Rf5 30. g4 Rf8 31. Nxe5 dxe5 32. Rxe5 Qe7 33. Qd6 Kf7 34.
Qd7 Rg6 35. Rc5 Re8 36. Rc7 Rg7 1-0

[Event "II Festival Server24 A"]
[Site "Ortisei - Sankt Ulrich in Groeden ITA"]
[Date "2013.06.08"]
[Round "8"]
[White "Vargas, Gabriela"]
[Black "Roesch, Mario"]
[WhiteElo "2099"]
[BlackElo "2045"]
[Result "0-1"]
[PlyCount "62"]
[EventDate "2013.06.01"]

1. d4 Nf6 2. c4 g6 3. Nc3 Bg7 4. e4 d6 5. f3 O-O 6. Be3 c5 7. dxc5 dxc5 8. Qxd8
Rxd8 9. Bxc5 Nc6 10. Nd5 Nd7 11. Bxe7 Nxe7 12. Nxe7+ Kf8 13. Nd5 Bxb2 14. Rb1
Bg7 15. Nh3 Nc5 16. Nf2 Be6 17. Be2 Rac8 18. O-O Rd6 19. Nd3 Ra6 20. Nxc5 Rxc5
21. Rxb7 Bd4+ 22. Kh1 Rxa2 23. Bd1 Ra1 24. Be2 Ra2 25. Bd1 a5 26. Rb8+ Kg7 27.
Ra8 Ra3 28. g4 Rxc4 29. g5 Bh3 30. Ne7 h5 31. Re1 Ra2 0-1

[Event "II Festival Server24 A"]
[Site "Ortisei - Sankt Ulrich in Groeden ITA"]
[Date "2013.06.08"]
[Round "8"]
[White "Vezzosi, Paolo"]
[Black "Saravanan, Venkatachalam"]
[WhiteElo "2274"]
[BlackElo "2371"]
[Result "1/2-1/2"]
[PlyCount "28"]
[EventDate "2013.06.01"]

1. Nf3 Nf6 2. c4 g6 3. g3 c5 4. Bg2 Nc6 5. Nc3 d6 6. d4 cxd4 7. Nxd4 Bd7 8. Nc2
Bg7 9. O-O O-O 10. b3 a6 11. Bb2 Rb8 12. Nd5 Ne8 13. Bxg7 Nxg7 14. Qd2 b5
1/2-1/2

[Event "II Festival Server24 A"]
[Site "Ortisei - Sankt Ulrich in Groeden ITA"]
[Date "2013.06.09"]
[Round "9"]
[White "Bertagnolli, Alexander"]
[Black "Nisipeanu, Liviu-Dieter"]
[WhiteElo "2329"]
[BlackElo "2667"]
[Result "0-1"]
[PlyCount "88"]
[EventDate "2013.06.01"]

1. e4 c5 2. Nf3 e6 3. g3 Nc6 4. Bg2 Nf6 5. Qe2 d6 6. O-O Be7 7. c3 O-O 8. d4
cxd4 9. cxd4 d5 10. e5 Ne4 11. Be3 Bd7 12. Ne1 Qb6 13. Bxe4 dxe4 14. d5 Nd4 15.
Qc4 Bc5 16. Nc3 Rac8 17. Rd1 Qxb2 18. Bxd4 Bxd4 19. Qxd4 Qxc3 20. Ng2 Qxd4 21.
Rxd4 exd5 22. Ne3 Bc6 23. Nxd5 Rfe8 24. Rc1 Rxe5 25. Nb4 g6 26. Nxc6 Rxc6 27.
Rxc6 bxc6 28. Ra4 a5 29. Rc4 e3 30. Kf1 exf2 31. Kxf2 Rb5 32. Ke3 Rb2 33. Ra4
Rxh2 34. Rxa5 Rg2 35. Kf3 Rc2 36. a4 Rc4 37. g4 h6 38. Ra7 Kg7 39. a5 Ra4 40.
Ra6 c5 41. Kg3 c4 42. Rc6 Rxa5 43. Rxc4 h5 44. Rb4 Rg5 0-1

[Event "II Festival Server24 A"]
[Site "Ortisei - Sankt Ulrich in Groeden ITA"]
[Date "2013.06.09"]
[Round "9"]
[White "Burrows, Martin P."]
[Black "Stella, Andrea"]
[WhiteElo "2137"]
[BlackElo "2463"]
[Result "1/2-1/2"]
[PlyCount "79"]
[EventDate "2013.06.01"]

1. e4 e6 2. d4 d5 3. Nc3 Nf6 4. Bg5 Bb4 5. e5 h6 6. Bd2 Bxc3 7. bxc3 Ne4 8. Qg4
Kf8 9. h4 c5 10. Bd3 Nxd2 11. Kxd2 Nc6 12. Rh3 c4 13. Be2 b5 14. a3 a5 15. Qf4
Bd7 16. Bh5 Be8 17. Rf3 Ra7 18. Nh3 Qe7 19. Qg4 b4 20. Nf4 Kg8 21. axb4 axb4
22. Rxa7 bxc3+ 23. Rxc3 Nxa7 24. Rg3 Rh7 25. Ke1 Nb5 26. c3 Qa3 27. Ne2 Qa1+
28. Kd2 Qa2+ 29. Ke1 Qb1+ 30. Kd2 Qb2+ 31. Ke1 Qa1+ 32. Kd2 Na3 33. Bg6 Qb2+
34. Ke3 Nc2+ 35. Kf4 fxg6 36. Qxe6+ Kf8 37. Qd6+ Kg8 38. Qe6+ Kf8 39. Qd6+ Kg8
40. Qe6+ 1/2-1/2

[Event "II Festival Server24 A"]
[Site "Ortisei - Sankt Ulrich in Groeden ITA"]
[Date "2013.06.09"]
[Round "9"]
[White "Collutiis, Duilio"]
[Black "Fierro Baquero, Martha Lorena"]
[WhiteElo "2465"]
[BlackElo "2364"]
[Result "1-0"]
[PlyCount "79"]
[EventDate "2013.06.01"]

1. e4 g6 2. d4 Bg7 3. Nc3 d6 4. Nf3 Nf6 5. Be2 O-O 6. O-O c6 7. a4 Nbd7 8. a5
e5 9. dxe5 dxe5 10. a6 Qc7 11. axb7 Bxb7 12. Be3 a5 13. Nd2 Rfd8 14. Na4 Bf8
15. c3 Ba6 16. Bxa6 Rxa6 17. Qe2 Qb7 18. Rfd1 Raa8 19. f3 Nh5 20. Nc4 Qb5 21.
Qf1 Nf4 22. g3 Ne6 23. Kg2 h5 24. Rd2 Be7 25. Rad1 Qxa4 26. Rxd7 Rxd7 27. Rxd7
Bc5 28. Bxc5 Nxc5 29. Rd2 Nb3 30. Rd6 Qb5 31. Na3 Qc5 32. Rd7 Rb8 33. Qc4 Qxc4
34. Nxc4 Rb5 35. Ra7 f6 36. Kf1 Rc5 37. Nd6 Nd2+ 38. Ke2 Nb3 39. c4 Nd4+ 40.
Kd3 1-0

[Event "II Festival Server24 A"]
[Site "Ortisei - Sankt Ulrich in Groeden ITA"]
[Date "2013.06.09"]
[Round "9"]
[White "De Santis, Alessio"]
[Black "Burmakin, Vladimir"]
[WhiteElo "2276"]
[BlackElo "2575"]
[Result "1/2-1/2"]
[PlyCount "141"]
[EventDate "2013.06.01"]

1. d4 Nf6 2. c4 e6 3. Nc3 d5 4. cxd5 exd5 5. Bg5 c6 6. e3 h6 7. Bh4 Be7 8. Bd3
Nbd7 9. Nge2 Nh5 10. Bxe7 Qxe7 11. Ng3 Nxg3 12. hxg3 Nf6 13. Qd2 Be6 14. f3 Qd6
15. g4 O-O-O 16. O-O-O Rhe8 17. Ne2 Kb8 18. Nf4 c5 19. dxc5 Qxc5+ 20. Kb1 Bd7
21. Nh5 Nxh5 22. Rxh5 Bc6 23. Re1 Rd6 24. Rf5 f6 25. Rf4 Rde6 26. Bg6 Rd8 27.
Rd4 Re7 28. Rd1 Red7 29. Bf5 Rd6 30. Bc2 R6d7 31. Bf5 Rd6 32. Bc2 a6 33. Bb3
R6d7 34. Bc2 Rc7 35. Bf5 Re8 36. Bg6 Re5 37. Re1 Rc8 38. Bf5 Rce8 39. Bg6 Rf8
40. Bf5 Qb6 41. Rb4 Qa7 42. Rd4 Ka8 43. Bg6 Qb6 44. Bc2 Re7 45. Bb3 Rfe8 46.
Qc3 Kb8 47. Qd2 Re5 48. Bc2 Rc8 49. Bf5 Rc7 50. Rd1 Be8 51. Bc2 Rc4 52. Bb3
Bg6+ 53. Ka1 Rxd4 54. exd4 Re8 55. Bxd5 Qb5 56. Bb3 Qe2 57. Qf4+ Ka8 58. d5 Bc2
59. Bxc2 Qxc2 60. Qd4 Qxg2 61. d6 Qc2 62. d7 Rd8 63. Qd6 Ka7 64. a3 f5 65. Qd4+
Ka8 66. Rd3 Qc1+ 67. Ka2 Qc6 68. gxf5 h5 69. Kb1 h4 70. Qxh4 Rxd7 71. Rxd7
1/2-1/2

[Event "II Festival Server24 A"]
[Site "Ortisei - Sankt Ulrich in Groeden ITA"]
[Date "2013.06.09"]
[Round "9"]
[White "Friedrich, Norbert"]
[Black "Sundararajan, Kidambi"]
[WhiteElo "2312"]
[BlackElo "2428"]
[Result "0-1"]
[PlyCount "186"]
[EventDate "2013.06.01"]

1. e4 e5 2. Nf3 Nc6 3. Bb5 a6 4. Ba4 Nf6 5. O-O Be7 6. d3 d6 7. c3 O-O 8. Re1
b5 9. Bc2 Re8 10. Nbd2 Bf8 11. Nf1 Nb8 12. Ng3 g6 13. d4 Nbd7 14. a4 Bb7 15. d5
c6 16. dxc6 Bxc6 17. Qe2 Bg7 18. h3 Qc7 19. axb5 axb5 20. Rxa8 Rxa8 21. Nh2 Nc5
22. Ng4 Nxg4 23. hxg4 Qb7 24. Rd1 Bf8 25. b4 Na4 26. Qf3 Bd7 27. Bb3 Be6 28.
Bd5 Qc8 29. Rd3 Ra7 30. g5 Rc7 31. Bxe6 fxe6 32. Ne2 Nb6 33. Ng3 Na4 34. Ne2
Rc4 35. Qe3 Be7 36. Kh1 Rc6 37. Qh3 Rc4 38. Qe3 Bf8 39. Kg1 Qb7 40. Qh3 Qd7 41.
Qe3 Be7 42. Kf1 Bd8 43. Qf3 Rc8 44. Qh3 Nb6 45. Kg1 Nc4 46. Rf3 Ra8 47. Qh6 Qe7
48. Kh2 Ra1 49. Be3 Nxe3 50. fxe3 Ra7 51. Ng3 Qe8 52. Nh1 Rc7 53. Nf2 Rxc3 54.
Ng4 Rc7 55. Qh4 h5 56. Nf6+ Bxf6 57. gxf6 Kf7 58. Qg5 Qh8 59. Rg3 Qh7 60. Rh3
Rc2 61. Kh1 Rc1+ 62. Kh2 Rc2 63. Kg1 Rc1+ 64. Kh2 Rf1 65. g4 Rf2+ 66. Kh1 Rxf6
67. gxh5 gxh5 68. Qh4 Qh6 69. Rg3 Rg6 70. Rf3+ Ke8 71. Qf2 Qg7 72. Qf1 Ke7 73.
Qa1 Rf6 74. Qa7+ Kf8 75. Qb8+ Kf7 76. Qc7+ Kg8 77. Qd8+ Rf8 78. Rxf8+ Qxf8 79.
Qg5+ Kh7 80. Kh2 Qf2+ 81. Kh3 Qf3+ 82. Kh2 Qf7 83. Kh3 Qg7 84. Qd8 Qg4+ 85. Kh2
Qe2+ 86. Kh1 Qf3+ 87. Kh2 Qxe4 88. Qe7+ Kh6 89. Qf8+ Kg5 90. Qe7+ Kg4 91. Qg7+
Kf3 92. Qg2+ Kxe3 93. Qg1+ Ke2 0-1

[Event "II Festival Server24 A"]
[Site "Ortisei - Sankt Ulrich in Groeden ITA"]
[Date "2013.06.09"]
[Round "9"]
[White "Gruettner, Ralf"]
[Black "Herzog, Adolf"]
[WhiteElo "2090"]
[BlackElo "2401"]
[Result "0-1"]
[PlyCount "84"]
[EventDate "2013.06.01"]

1. e4 e6 2. d4 d5 3. Nd2 c5 4. exd5 Qxd5 5. Ngf3 cxd4 6. Bc4 Qd6 7. O-O Nf6 8.
Nb3 Nc6 9. Nbxd4 Nxd4 10. Nxd4 Bd7 11. b3 O-O-O 12. Be3 Qc7 13. Qe2 Bd6 14. h3
Bh2+ 15. Kh1 Bf4 16. Rad1 Kb8 17. Bb5 Bxe3 18. fxe3 Ne4 19. Qf3 Ng3+ 20. Kg1
Nxf1 21. Rxf1 e5 22. Bxd7 exd4 23. Bf5 dxe3 24. Qxe3 Rhe8 25. Qf3 g6 26. Bd3 f5
27. a4 Re5 28. Qf4 Rde8 29. Qd4 Re1 30. Rxe1 Rxe1+ 31. Kf2 Re8 32. Qd5 Qb6+ 33.
Kf1 Qb4 34. Kg1 Qe1+ 35. Kh2 Qe5+ 36. Qxe5+ Rxe5 37. h4 Re3 38. h5 Kc7 39. hxg6
hxg6 40. g3 Kd6 41. Kg2 Ke5 42. Kf2 Kd4 0-1

[Event "II Festival Server24 A"]
[Site "Ortisei - Sankt Ulrich in Groeden ITA"]
[Date "2013.06.09"]
[Round "9"]
[White "Khenkin, Igor"]
[Black "Kveinys, Aloyzas"]
[WhiteElo "2601"]
[BlackElo "2479"]
[Result "1/2-1/2"]
[PlyCount "25"]
[EventDate "2013.06.01"]

1. d4 Nf6 2. c4 e6 3. Nf3 d5 4. e3 Be7 5. b3 O-O 6. Bb2 b6 7. Bd3 Bb7 8. O-O c5
9. Nbd2 cxd4 10. exd4 Nc6 11. Rc1 Rc8 12. Qe2 Re8 13. Rfd1 1/2-1/2

[Event "II Festival Server24 A"]
[Site "Ortisei - Sankt Ulrich in Groeden ITA"]
[Date "2013.06.09"]
[Round "9"]
[White "Koziol, Kamil"]
[Black "Curien, Nicolas"]
[WhiteElo "2008"]
[BlackElo "2204"]
[Result "0-1"]
[PlyCount "146"]
[EventDate "2013.06.01"]

1. e4 e6 2. d4 d5 3. Nc3 Bb4 4. e5 c5 5. a3 Bxc3+ 6. bxc3 Qa5 7. Bd2 Qa4 8. Be3
Nc6 9. f4 Nge7 10. Nf3 b6 11. Bd3 cxd4 12. cxd4 Ba6 13. O-O Rc8 14. Qe2 Bxd3
15. Qxd3 Na5 16. Ra2 Qc4 17. Qxc4 Nxc4 18. Bf2 Nf5 19. Rc1 h5 20. c3 Kd7 21.
Nd2 Nxd2 22. Rxd2 Rc4 23. Rd3 Rhc8 24. Kf1 Ra4 25. Ra1 Rcc4 26. Be1 Ne7 27. Rh3
g6 28. Ke2 Rc8 29. Kd3 Nc6 30. Bf2 Na5 31. Kc2 Nc4 32. Kb3 Nd2+ 33. Kb2 Ne4 34.
Be1 Rac4 35. a4 Rb8 36. Ra3 Rc7 37. Re3 Rg8 38. h4 Rf8 39. Ra1 Kc8 40. Kb3 f6
41. exf6 Rxf6 42. g3 Rc6 43. Kc2 Nd6 44. Kd3 Kd7 45. Re2 Rf8 46. Rb1 Rfc8 47.
Ra2 Ne4 48. Rb3 Nd6 49. Rb1 Ke7 50. Rb3 Kf6 51. Ke3 Kf5 52. Kf3 Ne4 53. Raa3
R8c7 54. a5 bxa5 55. Rb8 Kf6 56. Rbb3 Rb6 57. Ke3 Nd6 58. Kd3 Nc4 59. Rxb6 axb6
60. Ra2 Kf5 61. Kc2 Nd6 62. Kd3 Rc4 63. Rb2 b5 64. Ra2 Ra4 65. Re2 Ra1 66. Re5+
Kf6 67. Re2 Nc4 68. Bf2 a4 69. Be3 a3 70. f5 gxf5 71. Bg5+ Kf7 72. g4 a2 73.
Kc2 Rb1 0-1

[Event "II Festival Server24 A"]
[Site "Ortisei - Sankt Ulrich in Groeden ITA"]
[Date "2013.06.09"]
[Round "9"]
[White "Krulich, Roman"]
[Black "Messina, Roberta"]
[WhiteElo "2229"]
[BlackElo "2020"]
[Result "1-0"]
[PlyCount "49"]
[EventDate "2013.06.01"]

1. e4 c5 2. c3 d5 3. exd5 Qxd5 4. d4 Nc6 5. Nf3 cxd4 6. cxd4 e5 7. Nc3 Bb4 8.
Bd2 Bxc3 9. Bxc3 e4 10. Nd2 Nf6 11. Bc4 Qg5 12. d5 Qxg2 13. Rf1 e3 14. fxe3
Nxd5 15. Qb3 Bg4 16. Bxg7 O-O-O 17. Bxh8 Na5 18. Qb5 Nc3 19. Bxc3 Qxh2 20. Bxa5
Qg3+ 21. Rf2 Qxe3+ 22. Be2 Rd4 23. Qc5+ Kd7 24. Rxf7+ Ke8 25. Qf8# 1-0

[Event "II Festival Server24 A"]
[Site "Ortisei - Sankt Ulrich in Groeden ITA"]
[Date "2013.06.09"]
[Round "9"]
[White "Meertens, Martin"]
[Black "Spornberger, Maximilian"]
[WhiteElo "2165"]
[BlackElo "2257"]
[Result "1-0"]
[PlyCount "91"]
[EventDate "2013.06.01"]

1. e4 e6 2. d3 d5 3. Nd2 c5 4. Ngf3 Nc6 5. g3 Nf6 6. Bg2 Be7 7. O-O O-O 8. Re1
Qc7 9. c3 b5 10. Nf1 a5 11. e5 Nd7 12. Bf4 Ba6 13. h4 b4 14. h5 a4 15. a3 bxc3
16. bxc3 Qa5 17. c4 dxc4 18. dxc4 Qc7 19. Ne3 Nb6 20. Ng4 Qd8 21. Nd2 Nd4 22.
Ne3 Ra7 23. Qg4 Kh8 24. Rac1 Bb7 25. Ne4 f5 26. exf6 gxf6 27. Nc3 Rg8 28. Qd1
Qa8 29. Nb5 Bxg2 30. Nxd4 cxd4 31. Nxg2 e5 32. Rxe5 Bxa3 33. Rc2 Rd8 34. Re6 d3
35. Rd2 Nxc4 36. Rxd3 Rf8 37. Qc2 Rc8 38. Rxf6 Bb2 39. Rc3 a3 40. Be5 Rg7 41.
h6 a2 42. hxg7+ Kg8 43. Rh6 a1=Q+ 44. Kh2 Qxg2+ 45. Kxg2 Qa8+ 46. f3 1-0

[Event "II Festival Server24 A"]
[Site "Ortisei - Sankt Ulrich in Groeden ITA"]
[Date "2013.06.09"]
[Round "9"]
[White "Popilski, Gil"]
[Black "Szczepkowska-Horowska, Karina"]
[WhiteElo "2515"]
[BlackElo "2375"]
[Result "1-0"]
[PlyCount "95"]
[EventDate "2013.06.01"]

1. d4 d5 2. c4 e6 3. Nc3 c5 4. cxd5 exd5 5. Nf3 Nc6 6. dxc5 d4 7. Na4 b5 8.
cxb6 axb6 9. e3 Bb4+ 10. Bd2 Bxd2+ 11. Qxd2 Nge7 12. Bb5 Ba6 13. Bxa6 Rxa6 14.
b3 dxe3 15. Qxe3 b5 16. Nc5 Qa5+ 17. Qd2 Qxd2+ 18. Nxd2 Ra3 19. Nb1 Ra8 20. Nc3
b4 21. N3a4 O-O 22. O-O-O Nf5 23. Rd5 Nfd4 24. Rd1 Rad8 25. Nd7 Ne2+ 26. Kb2
Rfe8 27. R1d2 Ned4 28. Nac5 Ra8 29. Nb6 Rad8 30. Nbd7 Ra8 31. Nb6 Rad8 32. Na6
f6 33. Nd7 Rc8 34. Nxb4 Nf3 35. gxf3 Nxb4 36. Rc5 Kf7 37. a3 Na6 38. Rxc8 Rxc8
39. b4 Ke6 40. b5 Nc7 41. Nc5+ Kf5 42. a4 Rb8 43. Rd3 Kf4 44. Rb3 Rb6 45. Ka3
h5 46. Kb4 Nd5+ 47. Kc4 Nc7 48. a5 1-0

[Event "II Festival Server24 A"]
[Site "Ortisei - Sankt Ulrich in Groeden ITA"]
[Date "2013.06.09"]
[Round "9"]
[White "Roesch, Mario"]
[Black "Boscolo, Federico"]
[WhiteElo "2045"]
[BlackElo "2314"]
[Result "0-1"]
[PlyCount "70"]
[EventDate "2013.06.01"]

1. e4 g6 2. d4 Bg7 3. Nf3 c6 4. Nc3 d6 5. h3 Nf6 6. Bd3 O-O 7. O-O Nbd7 8. e5
dxe5 9. dxe5 Nd5 10. Qe2 Nxc3 11. bxc3 Nc5 12. Be3 Nxd3 13. cxd3 Qa5 14. Qd2
Re8 15. Rfe1 Bf5 16. Bh6 Rad8 17. Bxg7 Kxg7 18. Re3 b6 19. Nh4 Bc8 20. f4 Rd4
21. Rf1 Red8 22. Kh1 Ra4 23. Rf2 Qd5 24. Qc2 b5 25. d4 c5 26. f5 cxd4 27. fxg6
hxg6 28. Ref3 Be6 29. Qd2 Qxe5 30. Re2 dxc3 31. Qxd8 Qxe2 32. Qxe7 Qe1+ 33. Kh2
Qxh4 34. Qc5 Qd4 35. Qc7 Rc4 0-1

[Event "II Festival Server24 A"]
[Site "Ortisei - Sankt Ulrich in Groeden ITA"]
[Date "2013.06.09"]
[Round "9"]
[White "Rothebarth de Paula, Ana Vitoria"]
[Black "Panjkovic, Aleksandar"]
[WhiteElo "2006"]
[BlackElo "2147"]
[Result "0-1"]
[PlyCount "46"]
[EventDate "2013.06.01"]

1. e4 d6 2. d4 Nf6 3. Nc3 g6 4. Bg5 Bg7 5. f4 h6 6. Bh4 c5 7. dxc5 Qa5 8. Bd3
Qxc5 9. Qd2 Nc6 10. Nge2 a6 11. O-O-O b5 12. e5 dxe5 13. fxe5 Ng4 14. Be4 Ngxe5
15. Nd5 Ra7 16. Nxe7 Rxe7 17. Bxe7 Qxe7 18. Qd6 O-O 19. Rhe1 Nc4 20. Qxe7 Bxb2+
21. Kb1 Nxe7 22. Bd3 Ba3 23. Rf1 Ne3 0-1